ბათუმის შოთა რუსთაველის სახელმწიფო უნივერსიტეტის ბიბლიოთეკა

აკადემიური წერა / (ბიბ.ჩანაწერი № 35883)

000 -ლიდერი
ფიქსირებული სიგრძის საკონტროლო ველი 01351nam a2200265Ia 4500
001 - საკონტროლო ნომერი
საკონტროლო ველი 1775
003 - საკონტროლო ნომრის იდენტიფიკატორი
საკონტროლო ველი GE_BSU
005 - ბოლო ოპერაციის თარიღი და დრო
საკონტროლო ველი 20211119112408.0
008 - ფიქსირებული სიგრძის მონაცემთა ელემენტები - ზოგადი ინფორმაცია
ფიქსირებული სიგრძის საკონტროლო ველი 181216s2009||||ge |||||||||||||| ||geo||
020 ## - წიგნის საერთაშორისო სტანდარტული ნომერი
International Standard Book Number 9789941008313
040 ## - კატალოგიზაციის წყარო
Transcribing agency GE_BSU
041 ## - ენის კოდი
Language code of text/sound track or separate title geo
080 ## - უნივერსალური ათობითი კლასიფიკაციის ინდექსი
Universal Decimal Classification number 003.074 გ–73
100 ## - მთავარი ჩანაწერი - პიროვნების სახელი
Personal name გოჩიტაშვილი, ქეთევან
9 (RLIN) 4197
245 ## - ცნობა სათაურის შესახებ
Title აკადემიური წერა /
Statement of responsibility, etc ქეთევან გოჩიტაშვილი, გიული შაბაშვილი, ნინო შარაშენიძე ; რედაქტორები: ნანა გაფრინდაშვილი, დარეჯან თვალთვაძე.
250 ## - გამოცემის ცნობა
Edition statement პირველი გამოცემა
264 ## - წარმოების, გამოცემის, დისტრიბუციის და სხვა ცნობები
გამოცემის, წარმოების, დისტრიბუციის... ადგილი თბილისი :
გამოცემის, წარმოების, დისტრიბუციის... სახელწოდება საიმედო,
გამოცემის, წარმოების, დისტრიბუციის... თარიღი 2009.
300 ## - ფიზიკური აღწერა
Extent 200 გვ.;
Other physical details 24 სმ.
653 ## - INDEX TERM--UNCONTROLLED
Uncontrolled term აკადემიური წერა
700 ## - ADDED ENTRY--PERSONAL NAME
Personal name შაბაშვილი, გიული
Relator term ავტორი
9 (RLIN) 4174
700 ## - ADDED ENTRY--PERSONAL NAME
Personal name შარაშენიძე, ნინო
Relator term ავტორი
9 (RLIN) 7758
700 ## - ADDED ENTRY--PERSONAL NAME
Personal name გაფრინდაშვილი, ნანა
Relator term რედაქტორი
9 (RLIN) 12966
700 ## - ADDED ENTRY--PERSONAL NAME
Personal name თვალთვაძე, დარეჯან
Relator term რედაქტორი
9 (RLIN) 12967
942 ## - ADDED ENTRY ELEMENTS (KOHA)
Koha item type წიგნი
Source of classification or shelving scheme
ეგზემპლარები
ჩამოწერის სტატუსი დაკარგული ეგზემპლარის სტატუსი კლასიფიკაციის წყარო ან თაროზე გაწყობის სქემა დაზიანების სტატუსი არ გაიცემა მუდმივი მდებარეობა (დაცვის ადგილი) ამჟამინდელი ადგილსამყოფელი თაროზე განთავსების ადგილი შეძენის თარიღი ღირებულება, შესყიდვის ნორმალური ფასი სრული შენახვის შიფრი შტრიხკოდი ბოლო ოპერაციის თარიღი ეგზემპლარის მიმდევრობითი ნომერი (კეტერი?) ფასის ძალაში შესვლის თარიღი ეგზემპლარის სახეობა საჯარო შენიშვნა
          ბათუმის შოთა რუსთაველის სახელმწიფო უნივერსიტეტის მთავარი ბიბლიოთეკა ბათუმის შოთა რუსთაველის სახელმწიფო უნივერსიტეტის მთავარი ბიბლიოთეკა წიგნსაცავი 2018-12-17 10.00 003.074 გ–73 3540 2018-12-17 3540 2018-12-17 წიგნი 10 ლ.
          ბათუმის შოთა რუსთაველის სახელმწიფო უნივერსიტეტის მთავარი ბიბლიოთეკა ბათუმის შოთა რუსთაველის სახელმწიფო უნივერსიტეტის მთავარი ბიბლიოთეკა წიგნსაცავი 2018-12-17 10.00 003.074 გ–73 3541 2018-12-17 3541 2018-12-17 წიგნი 10 ლ.